000 00414nam a2200157 i 4500
001 94456
003 ES-MaACL
005 20230906181500.0
007 t|
008 050504s1947 sp ||||1| spa d
100 1 _aLorenzo, Pedro de.
_974161
245 1 0 _aTu dulce cuerpo pensado /
_cPedro de Lorenzo.
260 _aMadrid :
_bAlcoma,
_c1947.
300 _a48 h. ;
_c21 cm.
852 _aES-MaACL
_jC-4753
_bR.25152
999 _c94456
_d94456